La mujer que sabe guardar secretos : (Registro nro. 949)
[ vista simple ]
| 000 -LEADER | |
|---|---|
| fixed length control field | 01273nam a22002657a 4500 |
| 003 - CONTROL NUMBER IDENTIFIER | |
| control field | AR-RoUNCS |
| 005 - DATE AND TIME OF LATEST TRANSACTION | |
| control field | 20260306133254.0 |
| 008 - FIXED-LENGTH DATA ELEMENTS--GENERAL INFORMATION | |
| fixed length control field | 260306t2021 sp |||||r|||| 00| f spa d |
| 020 ## - INTERNATIONAL STANDARD BOOK NUMBER | |
| International Standard Book Number | 978-84-18557-63-7 |
| 040 ## - CATALOGING SOURCE | |
| Original cataloging agency | AR-RoUNCS |
| Transcribing agency | AR-RoUNCS |
| 080 ## - UNIVERSAL DECIMAL CLASSIFICATION NUMBER | |
| Authority record control number or standard number | 82-312.4(470) |
| 100 1# - MAIN ENTRY--PERSONAL NAME | |
| Personal name | Vavilova, Elena |
| Dates associated with a name | 1962- |
| Relator term | autora |
| 245 13 - TITLE STATEMENT | |
| Title | La mujer que sabe guardar secretos : |
| Statement of responsibility, etc. | Elena Vavilova ; traducción del ruso de Josep Lluís Alay. |
| 250 ## - EDITION STATEMENT | |
| Edition statement | 1a ed. |
| 260 ## - PUBLICATION, DISTRIBUTION, ETC. | |
| Place of publication, distribution, etc. | Barcelona : |
| Name of publisher, distributor, etc. | Roca Editorial, |
| Date of publication, distribution, etc. | 2021. |
| 300 ## - PHYSICAL DESCRIPTION | |
| Extent | 349 p. ; |
| Other physical details | 23 cm. |
| 500 ## - GENERAL NOTE | |
| General note | Título original: Zhenschina, kotoraya umeet hranit tayny |
| 520 3# - SUMMARY, ETC. | |
| Summary, etc. | Una ficción trepidante que cuenta las propias experiencias de vida de Elena. La historia se extiende desde los primeros días del reclutamiento y entrenamiento del personaje principal como espía hasta el fatídico día de su arresto. La novela ofrece la descripción más realista y honesta de la vida y obra de los agentes de la cobertura profunda, los famosos "ilegales" rusos, hasta la fecha (Descripción del editor). |
| 600 14 - SUBJECT ADDED ENTRY--PERSONAL NAME | |
| Personal name | Vavilova, Elena |
| Dates associated with a name | 1962- |
| 650 #7 - SUBJECT ADDED ENTRY--TOPICAL TERM | |
| Source of heading or term | embne |
| Topical term or geographic name entry element | Literatura rusa |
| 655 #7 - INDEX TERM--GENRE/FORM | |
| Source of term | embne |
| Genre/form data or focus term | Novelas policiacas |
| 655 #7 - INDEX TERM--GENRE/FORM | |
| Source of term | Novelas autobiográficas |
| 700 1# - ADDED ENTRY--PERSONAL NAME | |
| Personal name | Alay, Josep Lluís |
| Relator term | traductor |
| 942 ## - ADDED ENTRY ELEMENTS (KOHA) | |
| Source of classification or shelving scheme | Universal Decimal Classification |
| Koha item type | Obra General |
| Suppress in OPAC | No |
| Withdrawn status | Lost status | Source of classification or shelving scheme | Damaged status | Not for loan | Collection | Home library | Current library | Date acquired | Source of acquisition | Total checkouts | Full call number | Barcode | Date last seen | Price effective from | Koha item type |
|---|---|---|---|---|---|---|---|---|---|---|---|---|---|---|---|
| Universal Decimal Classification | Colección General | Biblioteca Escuela de Ciencias Sociales | Biblioteca Escuela de Ciencias Sociales | 06/03/2026 | Donación 2024 | 82-312.4(470) V391 | 001207 | 06/03/2026 | 06/03/2026 | Obra General |